Central Library OPAC University of Rajshahi

An MMPI handbook; (Record no. 12942)

MARC details
000 -LEADER
fixed length control field 00830cam a2200253u 4500
001 - CONTROL NUMBER
control field 12942
003 - CONTROL NUMBER IDENTIFIER
rucl marc code BD-RjUL
005 - DATE AND TIME OF LATEST TRANSACTION
control field 20211208235359.0
008 - FIXED-LENGTH DATA ELEMENTS--GENERAL INFORMATION
fixed length control field 140130r19681960mnua 001 0 eng
035 ## - SYSTEM CONTROL NUMBER
System control number (BD-RjUL)12992
040 ## - CATALOGING SOURCE
Original cataloging agency DLC
Transcribing agency CarP
Modifying agency DLC
-- BD-RjUL
Language of cataloging eng
041 ## - LANGUAGE CODE
Language code of text/sound track or separate title eng
082 ## - DEWEY DECIMAL CLASSIFICATION NUMBER
Classification number 616.89
Author mark and year DAM
100 1# - MAIN ENTRY--PERSONAL NAME
Personal name Dahlstrom, W. Grant
Fuller form of name (William Grant)
9 (RLIN) 40351
245 13 - TITLE STATEMENT
Title An MMPI handbook;
Remainder of title a guide to use in clinical practice and research /
260 ## - PUBLICATION, DISTRIBUTION, ETC. (IMPRINT)
Place of publication, distribution, etc. Minneapolis :
Name of publisher, distributor, etc. University of Minnesota Press,
Date of publication, distribution, etc. 1960.[reprinted1968]
300 ## - PHYSICAL DESCRIPTION
Pagination 559 p. :
Illustrations illus. ;
Size 26 cm.
504 ## - BIBLIOGRAPHY, ETC. NOTE
Bibliography, etc Includes index.
650 #0 - SUBJECT ADDED ENTRY--TOPICAL TERM
Topical term or geographic name as entry element Minnesota Multiphasic Personality Inventory.
9 (RLIN) 3937
700 1# - ADDED ENTRY--PERSONAL NAME
Personal name Welsh, George Schlager, [from old catalog]
Relator term joint author.
942 ## - ADDED ENTRY ELEMENTS (KOHA)
Source of classification or shelving scheme Dewey Decimal Classification
Koha item type Books
Holdings
Lost status Source of classification or shelving scheme Damaged status Not for loan Collection code Permanent Location Current Location Shelving location Date acquired Source of acquisition Cost, normal purchase price Total Checkouts Full call number Date last seen Copy number Koha item type
  Dewey Decimal Classification   Not For Loan Non-fiction Central Library, University of Rajshahi Central Library, University of Rajshahi Reading Room 10/12/1970 Zeitlinger 10.90   616.89 DAM 1968 30/01/2014 C-1 Books